| 000 | 01436nam a22002537a 4500 | ||
|---|---|---|---|
| 005 | 20170202153115.0 | ||
| 008 | 101028t xxu||||| |||| 00| 0 hin d | ||
| 010 | _aB-391208-229 | ||
| 020 |
_c75.00 _a8172012063 |
||
| 035 | _aB-391208-229 | ||
| 037 | _bनॉथ इण्डिया पब्लिशर्स/ PUB | ||
| 040 |
_adpl _bHN |
||
| 082 | _aक | ||
| 100 |
_aदुग्गल, कर्तार सिंह _924027 |
||
| 245 |
_aचाँदनी रात का दुखांत / _cकर्तार सिंह दुग्गल |
||
| 246 |
_aChandani raat ka dukhant _bby Kartar Singh Duggal |
||
| 260 |
_aनई दिल्ली _bसाहित्य अकादेमी _c2009(पु. मु.) |
||
| 270 |
_aरवीन्द्र भवन, 35, फीरोजशाह मार्ग, _bनई दिल्ली _e110001 |
||
| 300 |
_a224पृ. _c23सेमी (सजिल्द) |
||
| 500 | _aसाहित्य अकादेमी द्वारा पुरस्कृत पंजाबी कहानियाँ | ||
| 520 | _aAW | ||
| 942 |
_cHN _2ddc _hक _mदुग्गल |
||
| 999 |
_c48510 _d48510 |
||